000 00970nam a2200229Ii 4500
003 JO-AjNU
008 230605s9999||||xx |||||||||||||| ||und||
017 _a2021/11/6186
020 _a978-9957-94-749-1
040 _aJO-AjNU
_bara
_erda
_cJO-AjNU
041 _aara
050 1 4 _aHC415.26.Q29 2021
100 3 _a قندح، عدلي شحادة,
_eauthor
_963773
245 0 0 _aالاستثمار في الاردن في مائة عام 1921-2021م
250 _aالطبعة الاولى
264 3 1 _aعمان: وزارة الثقافة، 2021
300 _a306ص
_bيحتوي على مراجع وملاحق من ص 247-306ص/ اصدارات مئوية الدولة الاردنية 2021
336 _atext
_btxt
_2rdacontent
337 _aunmediated
_bn
_2rdamedia
338 _avolume
_bnc
_2rdacarrier
650 4 _aالاستثمارات-القدرة التنافسية -عائدات الاستثمار -التنمية الاقتصادية-الاردن
_963774
999 _aA28945
_c32513
_d32513